[Event "Liga Madrileña - DH 2011-2012"]
[Site "Madrid ESP"]
[Date "2012.02.05"]
[Round "9.31"]
[White "Valles Moreno, Ivan"]
[Black "Moreno Trujillo, Alejandro"]
[Result "0-1"]
[WhiteElo "2391"]
[BlackElo "2474"]
[PlyCount "98"]
[EventDate "2011.11.13"]
[EventType "team"]
[EventRounds "14"]
[EventCountry "ESP"]
[Source "lmi"]
[SourceDate "2011.11.13"]
[WhiteTeam "Amigos del Retiro"]
[BlackTeam "64 Villalba"]
[WhiteTeamCountry "ESP"]
[BlackTeamCountry "ESP"]

1. d4 d5 2. c4 c6 3. Nf3 Nf6 4. Nc3 e6 5. e3 Nbd7 6. Bd3 dxc4 7. Bxc4 b5 8. Bb3
b4 9. Ne2 Bb7 10. O-O Bd6 11. Nf4 O-O 12. Ng5 Bxf4 13. exf4 c5 14. Be3 h6 15.
Nf3 Qa5 16. Ne5 Rfd8 17. Qe1 cxd4 18. Bd2 Nd5 19. a3 Nxe5 20. Qxe5 Qb5 21. axb4
Qd3 22. Bxd5 Bxd5 23. Bc1 Qg6 24. f3 Rac8 25. Bd2 f6 26. Qe1 a6 27. Rf2 Qd3 28.
Ra3 Qb5 29. Ra5 Qb6 30. h3 Rc2 31. f5 e5 32. Kh2 Qd6 33. Kh1 Rdc8 34. b5 axb5
35. Rxb5 Qd7 36. Ra5 Rxb2 37. Bxh6 Rxf2 38. Qxf2 gxh6 39. Qg3+ Kf8 40. Qg6 Qc6
41. Qxh6+ Ke7 42. Kh2 Ra8 43. Qd2 Rxa5 44. Qxa5 Qd7 45. h4 Kf7 46. Qc5 d3 47.
Kg3 d2 48. Qc2 Bc6 49. Qd1 Ba4 0-1

[Event "Liga Madrileña - DH 2011-2012"]
[Site "Madrid ESP"]
[Date "2012.02.05"]
[Round "9.32"]
[White "Moreno Tejera, Emilio"]
[Black "Vallejo Diaz, Javier"]
[Result "0-1"]
[WhiteElo "2319"]
[BlackElo "2367"]
[PlyCount "72"]
[EventDate "2011.11.13"]
[EventType "team"]
[EventRounds "14"]
[EventCountry "ESP"]
[Source "lmi"]
[SourceDate "2011.11.13"]
[WhiteTeam "64 Villalba"]
[BlackTeam "Amigos del Retiro"]
[WhiteTeamCountry "ESP"]
[BlackTeamCountry "ESP"]

1. e4 c5 2. Nc3 e6 3. Nf3 a6 4. d4 cxd4 5. Nxd4 Qc7 6. g3 Nf6 7. Bg2 d6 8. O-O
Be7 9. a4 O-O 10. Be3 Nc6 11. Qe2 Ne5 12. Rad1 Rd8 13. Kh1 Nc4 14. Bc1 e5 15.
Nf5 Bf8 16. Rd3 d5 17. g4 d4 18. Nd5 Nxd5 19. exd5 Nb6 20. f4 Bxf5 21. gxf5 f6
22. fxe5 Qxe5 23. Qg4 Bc5 24. Bf4 Qe7 25. b4 Bxb4 26. Rxd4 Bc5 27. Re4 Qd7 28.
c4 Re8 29. Re6 Nxc4 30. d6 Nxd6 31. Bd5 Nf7 32. Rd1 Rf8 33. Rxf6 Qxa4 34. Be6
Qe4+ 35. Qg2 Qxg2+ 36. Kxg2 gxf6 0-1

[Event "Liga Madrileña - DH 2011-2012"]
[Site "Madrid ESP"]
[Date "2012.02.05"]
[Round "9.33"]
[White "Garcia Cuenca, Victor Manuel"]
[Black "Renteria Becerra, Jorge Elicer"]
[Result "1/2-1/2"]
[WhiteElo "2337"]
[BlackElo "2328"]
[PlyCount "248"]
[EventDate "2011.11.13"]
[EventType "team"]
[EventRounds "14"]
[EventCountry "ESP"]
[Source "lmi"]
[SourceDate "2011.11.13"]
[WhiteTeam "Amigos del Retiro"]
[BlackTeam "64 Villalba"]
[WhiteTeamCountry "ESP"]
[BlackTeamCountry "ESP"]

1. d4 Nf6 2. Nf3 g6 3. g3 Bg7 4. Bg2 O-O 5. O-O d6 6. c4 c6 7. Nc3 Nbd7 8. e4
e5 9. h3 Qb6 10. c5 dxc5 11. dxe5 Ne8 12. e6 fxe6 13. Ng5 Ne5 14. f4 c4+ 15.
Kh2 Nd3 16. e5 Nc7 17. Qe2 Nd5 18. Be4 Bd7 19. h4 Nxc1 20. Raxc1 Ne3 21. Rg1
Nd5 22. h5 Nxf4 23. gxf4 Rxf4 24. Bf3 Rf5 25. hxg6 hxg6 26. Rcd1 Qc7 27. Nce4
Bxe5+ 28. Kg2 Raf8 29. Bg4 Bh2 30. Bxf5 Bxg1 31. Kxg1 Rxf5 32. Qh2 Qxh2+ 33.
Kxh2 Be8 34. Kg3 Kf8 35. Nxe6+ Ke7 36. Nd4 Rd5 37. Nc3 Rg5+ 38. Kf4 Rg2 39.
Re1+ Kd7 40. Nde2 Bf7 41. Ke5 Rg5+ 42. Kf6 Rf5+ 43. Kg7 Bd5 44. Kxg6 Rf2 45.
Nd1 Rh2 46. Kf5 Kd6 47. Nec3 b5 48. Ne4+ Bxe4+ 49. Kxe4 Kc5 50. Ke3 b4 51. Re2
Rh3+ 52. Kd2 Kd4 53. Re4+ Kd5 54. Rf4 Rh2+ 55. Rf2 Rh4 56. Ne3+ Kc5 57. Rg2 Kb5
58. Rg5+ c5 59. Rg4 Rh2+ 60. Rg2 Rh4 61. Nf5 Rf4 62. Ne3 a5 63. Kc2 a4 64. Rg4
Rf2+ 65. Kb1 a3 66. bxa3 c3 67. axb4 Rb2+ 68. Kc1 cxb4 69. Nc2 Rxa2 70. Rxb4+
Kc5 71. Rh4 Ra8 72. Ne3 Re8 73. Rc4+ Kb5 74. Rxc3 Re5 75. Kd2 Rh5 76. Kd3 Rh3
77. Kd4 Rh4+ 78. Ke5 Rh5+ 79. Nf5 Rg5 80. Kf6 Rg8 81. Nd6+ Kb6 82. Nf5 Rf8+ 83.
Ke5 Rg8 84. Nd4 Rg5+ 85. Kd6 Rg6+ 86. Ne6 Kb5 87. Kd5 Kb4 88. Rc4+ Kb3 89. Nc5+
Kb2 90. Kd4 Rg4+ 91. Ne4 Rh4 92. Rb4+ Kc2 93. Rb6 Rg4 94. Rc6+ Kb3 95. Kd3 Kb4
96. Rc4+ Ka3 97. Kc3 Rh4 98. Rb4 Rh3+ 99. Kc4 Rh4 100. Rb3+ Ka4 101. Re3 Ka5
102. Kd5 Rh5+ 103. Kc6 Rh6+ 104. Nd6 Kb4 105. Rf3 Rg6 106. Kd5 Rh6 107. Ne4
Rh5+ 108. Kd4 Rh8 109. Nf6 Rh4+ 110. Ke5 Kc4 111. Rf1 Kd3 112. Ra1 Rh8 113.
Ra3+ Kc4 114. Rf3 Rh1 115. Rf4+ Kd3 116. Rd4+ Kc3 117. Nd5+ Kc2 118. Ke4 Rh4+
119. Nf4 Rh8 120. Rc4+ Kd2 121. Nd5 Re8+ 122. Kd4 Rd8 123. Ra4 Ke2 124. Ra3 Kf2
1/2-1/2

[Event "Liga Madrileña - DH 2011-2012"]
[Site "Madrid ESP"]
[Date "2012.02.05"]
[Round "9.34"]
[White "Bolado Saez, Sergio"]
[Black "Fernandez Garcia, Miguel Angel"]
[Result "1-0"]
[WhiteElo "2361"]
[BlackElo "2318"]
[PlyCount "103"]
[EventDate "2011.11.13"]
[EventType "team"]
[EventRounds "14"]
[EventCountry "ESP"]
[Source "lmi"]
[SourceDate "2011.11.13"]
[WhiteTeam "64 Villalba"]
[BlackTeam "Amigos del Retiro"]
[WhiteTeamCountry "ESP"]
[BlackTeamCountry "ESP"]

1. d4 Nf6 2. Nf3 e6 3. c4 d5 4. g3 dxc4 5. Bg2 Bd7 6. Ne5 Bc6 7. Nxc6 Nxc6 8.
Qa4 Qd7 9. Qxc4 Bb4+ 10. Nc3 O-O 11. e3 Nd5 12. O-O Na5 13. Qd3 Rfd8 14. Ne2 c5
15. e4 Nb6 16. a3 c4 17. Qf3 Nb3 18. Bg5 Be7 19. Bxe7 Qxe7 20. Rad1 Na4 21. d5
Nxb2 22. Rb1 Na4 23. Rfd1 e5 24. Rxb3 cxb3 25. Qxb3 Qd7 26. f4 f6 27. Qf3 Nb2
28. Rb1 Nc4 29. Rb4 Rac8 30. Qh5 Rc7 31. Bh3 Qe8 32. Be6+ Kh8 33. Qh4 Qe7 34.
Bf5 g5 35. fxg5 fxg5 36. Qh6 Qg7 37. Qh5 Nd6 38. Qf3 Rc2 39. Rb1 Rf8 40. g4 Qc7
41. Rf1 Qc5+ 42. Rf2 Kg7 43. h4 Nc4 44. hxg5 Qe3 45. Qh1 Rxf5 46. Qh6+ Kg8 47.
Qe6+ Kf8 48. Qxf5+ Ke7 49. Qe6+ Kd8 50. d6 Qb6 51. Qe7+ Kc8 52. d7+ 1-0

[Event "Liga Madrileña - DH 2011-2012"]
[Site "Madrid ESP"]
[Date "2012.02.05"]
[Round "9.35"]
[White "Perez Gonzalez, Jose Manuel"]
[Black "Gongora Montes, Benjamin"]
[Result "1/2-1/2"]
[WhiteElo "2304"]
[BlackElo "2217"]
[PlyCount "73"]
[EventDate "2011.11.13"]
[EventType "team"]
[EventRounds "14"]
[EventCountry "ESP"]
[Source "lmi"]
[SourceDate "2011.11.13"]
[WhiteTeam "Amigos del Retiro"]
[BlackTeam "64 Villalba"]
[WhiteTeamCountry "ESP"]
[BlackTeamCountry "ESP"]

1. e4 e6 2. d4 d5 3. Nc3 Nf6 4. e5 Nfd7 5. Nce2 c5 6. c3 Nc6 7. f4 Qb6 8. Nf3
Be7 9. g3 O-O 10. Bh3 f5 11. O-O Kh8 12. Kh1 cxd4 13. cxd4 Qa6 14. Be3 Nb6 15.
b3 Bd7 16. Rf2 Nb4 17. Bf1 Qd3 18. Qxd3 Nxd3 19. Rg2 Rac8 20. a3 Bb5 21. Kg1
Ba6 22. Nc1 Nxc1 23. Rxc1 Bxf1 24. Kxf1 Bxa3 25. Rxc8 Rxc8 26. Ra2 Bc1 27. Bxc1
Rxc1+ 28. Ke2 a6 29. Ng5 Rc6 30. Nf7+ Kg8 31. Nd8 Rc3 32. Rb2 Nd7 33. Nxb7 Kf7
34. Kd2 Rf3 35. Ke2 Rc3 36. Kd2 Rf3 37. Ke2 1/2-1/2

[Event "Liga Madrileña - DH 2011-2012"]
[Site "Madrid ESP"]
[Date "2012.02.05"]
[Round "9.36"]
[White "Bermejo Arruego, Luis"]
[Black "Sanchez Gonzalez, Sergio"]
[Result "0-1"]
[WhiteElo "2171"]
[BlackElo "2286"]
[PlyCount "106"]
[EventDate "2011.11.13"]
[EventType "team"]
[EventRounds "14"]
[EventCountry "ESP"]
[Source "lmi"]
[SourceDate "2011.11.13"]
[WhiteTeam "64 Villalba"]
[BlackTeam "Amigos del Retiro"]
[WhiteTeamCountry "ESP"]
[BlackTeamCountry "ESP"]

1. e4 c5 2. Nf3 d6 3. d4 Nf6 4. Nc3 cxd4 5. Nxd4 e6 6. Be3 a6 7. f3 b5 8. Qd2
Bb7 9. a4 b4 10. Nd1 Qc7 11. Bd3 d5 12. exd5 Nxd5 13. Bf2 Nd7 14. Bg3 Qb6 15.
Nb3 Rd8 16. a5 Qa7 17. Bh4 N7f6 18. Qf2 Qa8 19. Nc5 Nf4 20. O-O Be7 21. Nxb7
Nxd3 22. Qb6 O-O 23. cxd3 Rb8 24. Bxf6 gxf6 25. Qc7 Rxb7 26. Qg3+ Kh8 27. Rc1
Qd8 28. Nf2 f5 29. Rc2 Rg8 30. Qe5+ Bf6 31. Qc7 Rb5 32. Qa7 Rxa5 33. Qxf7 Qe7
34. Qxe7 Bxe7 35. Re1 Bf6 36. Kf1 e5 37. Rc6 Kg7 38. Rb6 Rb5 39. Rxa6 Rc8 40.
Ra7+ Kg6 41. g3 Rc2 42. Re2 Rbc5 43. Nd1 Rc1 44. Ke1 Rb1 45. Kd2 Bg5+ 46. f4
exf4 47. Re6+ Kh5 48. h4 Rcc1 49. Rxh7+ Kg4 50. Nf2+ Kf3 51. hxg5 Kxf2 52. gxf4
b3 53. Ree7 Rc2# 0-1

[Event "Liga Madrileña - DH 2011-2012"]
[Site "Madrid ESP"]
[Date "2012.02.05"]
[Round "9.41"]
[White "Vazquez Igarza, Renier"]
[Black "Arribas Lopez, Angel"]
[Result "1-0"]
[WhiteElo "2566"]
[BlackElo "2487"]
[PlyCount "81"]
[EventDate "2011.11.13"]
[EventType "team"]
[EventRounds "14"]
[EventCountry "ESP"]
[Source "lmi"]
[SourceDate "2011.11.13"]
[WhiteTeam "Collado Villalba"]
[BlackTeam "Leganes"]
[WhiteTeamCountry "ESP"]
[BlackTeamCountry "ESP"]

1. d4 d6 2. Nf3 g6 3. c4 Bg7 4. Nc3 Bg4 5. d5 Nf6 6. g3 O-O 7. Bg2 c5 8. h3
Bxf3 9. exf3 Na6 10. O-O Nc7 11. Re1 Rb8 12. a4 b6 13. f4 a6 14. Qd3 e6 15.
dxe6 fxe6 16. Bd2 d5 17. Re2 Qd7 18. h4 b5 19. axb5 axb5 20. Nxb5 Nxb5 21. cxb5
Rxb5 22. Ra7 Qxa7 23. Qxb5 Rb8 24. Qc6 Rxb2 25. Bh3 h5 26. Qxe6+ Qf7 27. Qc6
Qb7 28. Qxc5 Ne4 29. Qa5 Kh7 30. Rxe4 dxe4 31. f5 Rb5 32. fxg6+ Kxg6 33. Qd8
Qf7 34. Bf4 Rd5 35. Qc8 Rd1+ 36. Kh2 Rd4 37. Be6 Qf8 38. Qc6 Kh7 39. Qb5 Bh6
40. Qxh5 Rd6 41. Qf5+ 1-0

[Event "Liga Madrileña - DH 2011-2012"]
[Site "Madrid ESP"]
[Date "2012.02.05"]
[Round "9.42"]
[White "Davicce Canada, Juan Antonio"]
[Black "Moreno Ruiz, Javier"]
[Result "0-1"]
[WhiteElo "2095"]
[BlackElo "2513"]
[PlyCount "152"]
[EventDate "2011.11.13"]
[EventType "team"]
[EventRounds "14"]
[EventCountry "ESP"]
[Source "lmi"]
[SourceDate "2011.11.13"]
[WhiteTeam "Leganes"]
[BlackTeam "Collado Villalba"]
[WhiteTeamCountry "ESP"]
[BlackTeamCountry "ESP"]

1. d4 Nf6 2. c4 e6 3. Nc3 Bb4 4. e3 b6 5. Bd3 Bb7 6. Nf3 Ne4 7. O-O Bxc3 8.
bxc3 O-O 9. Ne1 f5 10. f3 Nf6 11. Nc2 Nc6 12. e4 fxe4 13. fxe4 e5 14. d5 Ne7
15. Ne3 d6 16. Qe2 Qe8 17. Bd2 Bc8 18. Rf2 Bd7 19. Raf1 Qg6 20. Qf3 Rae8 21.
Bc2 h6 22. Bd3 Nh7 23. Qe2 Rxf2 24. Rxf2 Ng5 25. Kh1 Rf8 26. Rxf8+ Kxf8 27.
Qf2+ Ke8 28. Qg3 Qh5 29. Kg1 Ng6 30. Nf1 Qg4 31. Qxg4 Bxg4 32. Bxg5 hxg5 33. g3
Nf8 34. Ne3 Bh5 35. Kf2 Nd7 36. Bc2 Nc5 37. Nf5 Kf7 38. Ne3 Kf6 39. Nf1 Bg4 40.
Ne3 Bd7 41. Kf3 Be8 42. Ng4+ Ke7 43. Ne3 Bh5+ 44. Kf2 Nd7 45. Nf5+ Kf7 46. Ne3
Nf6 47. h3 Kf8 48. Nf1 Be8 49. Kf3 Bd7 50. Kg2 Ke7 51. Nd2 Kd8 52. Nf1 Kc8 53.
Ne3 Kb7 54. Nd1 Ka6 55. Nf2 Ka5 56. Kf3 Bxh3 57. Nxh3 g4+ 58. Kg2 gxh3+ 59.
Kxh3 g5 60. Kg2 b5 61. cxb5 Kxb5 62. Bd3+ Ka4 63. Kf3 Ka3 64. Bc4 Kb2 65. Ke3
Kxc3 66. Be2 a5 67. a4 Kb3 68. Bb5 Kc2 69. Be2 Nd7 70. Bb5 Nc5 71. Kf3 Kd2 72.
Bc6 Kd3 73. Bb5+ Kd4 74. Bc6 Nxe4 75. Kg4 Nc3 76. Kxg5 e4 0-1

[Event "Liga Madrileña - DH 2011-2012"]
[Site "Madrid ESP"]
[Date "2012.02.05"]
[Round "9.43"]
[White "Reyes Larenas, Juan"]
[Black "Ballester de Miguel, Miguel Angel"]
[Result "1-0"]
[WhiteElo "2437"]
[BlackElo "2070"]
[PlyCount "84"]
[EventDate "2011.11.13"]
[EventType "team"]
[EventRounds "14"]
[EventCountry "ESP"]
[Source "lmi"]
[SourceDate "2011.11.13"]
[WhiteTeam "Collado Villalba"]
[BlackTeam "Leganes"]
[WhiteTeamCountry "ESP"]
[BlackTeamCountry "ESP"]

1. e4 c5 2. Nf3 d6 3. g3 Nc6 4. Bg2 e5 5. O-O Nf6 6. d3 Be7 7. c3 O-O 8. a3 a5
9. a4 b6 10. Na3 Ba6 11. Re1 Rb8 12. Nh4 Re8 13. Nf5 Bf8 14. Qf3 h6 15. h4 Nh7
16. Nc4 Bxc4 17. dxc4 Ne7 18. Ne3 Qd7 19. Rd1 Qe6 20. Kh2 Red8 21. Bh3 Qf6 22.
Qe2 Kh8 23. b3 Qg6 24. Bf5 Nxf5 25. exf5 Qf6 26. Qc2 Qe7 27. Nd5 Qb7 28. Be3
Nf6 29. Nxf6 gxf6 30. Rd5 Rd7 31. Qe2 Kh7 32. Rad1 Qc8 33. Qh5 Qd8 34. g4 Qe7
35. g5 fxg5 36. hxg5 f6 37. g6+ Kg8 38. Bxh6 Bxh6 39. Qxh6 Rbd8 40. g7 Qe8 41.
Rg1 Re7 42. Qh8+ Kf7 1-0

[Event "Liga Madrileña - DH 2011-2012"]
[Site "Madrid ESP"]
[Date "2012.02.05"]
[Round "9.44"]
[White "Lopez de Turiso, Jose Angel"]
[Black "Taboas Rodriguez, Daniel"]
[Result "1/2-1/2"]
[WhiteElo "2065"]
[BlackElo "2418"]
[PlyCount "84"]
[EventDate "2011.11.13"]
[EventType "team"]
[EventRounds "14"]
[EventCountry "ESP"]
[Source "lmi"]
[SourceDate "2011.11.13"]
[WhiteTeam "Leganes"]
[BlackTeam "Collado Villalba"]
[WhiteTeamCountry "ESP"]
[BlackTeamCountry "ESP"]

1. d4 Nf6 2. c4 g6 3. Nc3 Bg7 4. Nf3 O-O 5. e4 d6 6. g3 Bg4 7. Bg2 Nc6 8. Be3
e5 9. d5 Nd4 10. h3 Bxf3 11. Bxf3 Nd7 12. Bg2 f5 13. Qd2 Nc5 14. O-O Qf6 15. f4
Nxe4 16. Nxe4 fxe4 17. Bxd4 exd4 18. Bxe4 Rae8 19. Rae1 Re7 20. Qd3 Rfe8 21.
Re2 Kh8 22. h4 c6 23. Rfe1 cxd5 24. Bxd5 Re3 25. Rxe3 dxe3 26. Rxe3 Qd4 27. Kf2
Qxb2+ 28. Re2 Qd4+ 29. Qxd4 Bxd4+ 30. Kf3 Rxe2 31. Kxe2 b6 32. Kf3 Kg7 33. Bc6
Kf6 34. Bd5 Bc3 35. Bg8 Kg7 36. Bd5 Be1 37. Be6 Kf6 38. Bg8 a6 39. Bd5 b5 40.
cxb5 axb5 41. Bc6 b4 42. Bd5 Bc3 1/2-1/2

[Event "Liga Madrileña - DH 2011-2012"]
[Site "Madrid ESP"]
[Date "2012.02.05"]
[Round "9.45"]
[White "Cao Armillas, Jesus"]
[Black "Nunez Gutierrez, Juan Carlos"]
[Result "1/2-1/2"]
[WhiteElo "2174"]
[BlackElo "2049"]
[PlyCount "123"]
[EventDate "2011.11.13"]
[EventType "team"]
[EventRounds "14"]
[EventCountry "ESP"]
[Source "lmi"]
[SourceDate "2011.11.13"]
[WhiteTeam "Collado Villalba"]
[BlackTeam "Leganes"]
[WhiteTeamCountry "ESP"]
[BlackTeamCountry "ESP"]

1. d4 d5 2. c4 e6 3. Nc3 c6 4. Nf3 Bd6 5. e4 dxe4 6. Nxe4 Bc7 7. Bd3 h6 8. O-O
Nf6 9. Re1 O-O 10. Nxf6+ Qxf6 11. Bd2 b6 12. Bc3 Re8 13. Qe2 Qf4 14. Qc2 Nd7
15. Re4 Qd6 16. Rae1 Bb7 17. Qe2 Red8 18. Rg4 g5 19. Qe3 Kf8 20. h4 f5 21. hxg5
fxg4 22. g6 Kg7 23. d5+ e5 24. Nh4 Rf8 25. Nf5+ Rxf5 26. Bxf5 Nf6 27. Bxe5 Qxe5
28. Qxe5 Bxe5 29. Rxe5 Re8 30. Rxe8 Nxe8 31. Bd7 Nd6 32. dxc6 Bc8 33. b4 Bxd7
34. cxd7 Nb7 35. c5 bxc5 36. bxc5 Nd8 37. Kh2 Kxg6 38. Kg3 Kg5 39. f3 h5 40.
f4+ Kf5 41. Kh4 Kxf4 42. Kxh5 Kf5 43. Kh4 Ke6 44. Kxg4 Kxd7 45. Kf5 Nb7 46. g4
Nxc5 47. g5 Ne6 48. g6 Ng7+ 49. Ke5 Ne8 50. Kd5 Kc7 51. Kc5 Nf6 52. g7 a6 53.
Kb4 Kb6 54. Ka4 a5 55. Kb3 Kb5 56. Kc3 Nd5+ 57. Kd4 Ne7 58. Ke5 Ng8 59. Ke6 Nh6
60. Kf6 Kb4 61. Kg6 Ng8 62. Kf7 1/2-1/2

[Event "Liga Madrileña - DH 2011-2012"]
[Site "Madrid ESP"]
[Date "2012.02.05"]
[Round "9.46"]
[White "Pedrajas Estepa, Manuel"]
[Black "Cepeda Delgado, Camilo"]
[Result "1-0"]
[WhiteElo "2044"]
[BlackElo "2192"]
[PlyCount "61"]
[EventDate "2011.11.13"]
[EventType "team"]
[EventRounds "14"]
[EventCountry "ESP"]
[Source "lmi"]
[SourceDate "2011.11.13"]
[WhiteTeam "Leganes"]
[BlackTeam "Collado Villalba"]
[WhiteTeamCountry "ESP"]
[BlackTeamCountry "ESP"]

1. e4 e6 2. d4 d5 3. e5 Qd7 4. Bd3 b6 5. Qe2 a5 6. Nf3 Ba6 7. O-O Bxd3 8. Qxd3
Ne7 9. Nc3 h5 10. Ne2 h4 11. h3 Nf5 12. c4 c6 13. a3 Na6 14. Bd2 Be7 15. b4
axb4 16. axb4 dxc4 17. Qxc4 b5 18. Qd3 O-O 19. Rab1 Nc7 20. g4 hxg3 21. fxg3
Ra2 22. g4 Nh4 23. Nxh4 Bxh4 24. Nc3 Ra3 25. Bc1 Ra7 26. Ne4 Ra2 27. Nc3 Ra7
28. Be3 Ra3 29. Bc1 Ra7 30. Be3 Nd5 31. Ne4 1-0

[Event "Liga Madrileña - DH 2011-2012"]
[Site "Madrid ESP"]
[Date "2012.02.12"]
[Round "10.11"]
[White "Candela Perez, Jose"]
[Black "Granda Zuniga, Julio E"]
[Result "0-1"]
[WhiteElo "2424"]
[BlackElo "2636"]
[PlyCount "86"]
[EventDate "2011.11.13"]
[EventType "team"]
[EventRounds "14"]
[EventCountry "ESP"]
[Source "lmi"]
[SourceDate "2011.11.13"]
[WhiteTeam "La Casa del Ajedrez"]
[BlackTeam "Collado Villalba"]
[WhiteTeamCountry "ESP"]
[BlackTeamCountry "ESP"]

1. d4 Nf6 2. c4 e6 3. Nf3 b6 4. Nc3 Bb7 5. Bg5 Bb4 6. Qd3 h6 7. Bh4 g5 8. Bg3
Ne4 9. Nd2 Nxg3 10. Qxg3 Nc6 11. e3 h5 12. f3 f5 13. O-O-O h4 14. Qf2 Qf6 15.
Bd3 O-O-O 16. Nb3 Kb8 17. Kb1 Bf8 18. a3 Bg7 19. Rhe1 Rhf8 20. Bf1 Ne7 21. Na1
d5 22. Nc2 dxc4 23. Bxc4 Nd5 24. Na2 c5 25. Nc1 e5 26. dxc5 e4 27. Nb4 Nxb4 28.
axb4 exf3 29. gxf3 Bxf3 30. Rxd8+ Rxd8 31. Na2 Be4+ 32. Kc1 Qc6 33. Rd1 Rxd1+
34. Kxd1 bxc5 35. b5 Qd6+ 36. Kc1 f4 37. Nc3 Bxc3 38. bxc3 f3 39. Qg1 Qe5 40.
Kb2 Kc7 41. Kb3 Qd6 42. Qa1 Kb7 43. h3 f2 0-1

[Event "Liga Madrileña - DH 2011-2012"]
[Site "Madrid ESP"]
[Date "2012.02.12"]
[Round "10.12"]
[White "Vazquez Igarza, Renier"]
[Black "Gallego Jimenez, Victoriano"]
[Result "1/2-1/2"]
[WhiteElo "2566"]
[BlackElo "2390"]
[PlyCount "69"]
[EventDate "2011.11.13"]
[EventType "team"]
[EventRounds "14"]
[EventCountry "ESP"]
[Source "lmi"]
[SourceDate "2011.11.13"]
[WhiteTeam "Collado Villalba"]
[BlackTeam "La Casa del Ajedrez"]
[WhiteTeamCountry "ESP"]
[BlackTeamCountry "ESP"]

1. d4 d5 2. Nf3 Nc6 3. c4 e5 4. Nxe5 Nxe5 5. dxe5 dxc4 6. Qxd8+ Kxd8 7. e4 Be6
8. Be3 Bb4+ 9. Nc3 c6 10. f4 g6 11. Be2 h5 12. a3 Be7 13. O-O-O+ Ke8 14. f5
gxf5 15. exf5 Bxf5 16. Bxc4 Nh6 17. h3 Be6 18. Bxe6 fxe6 19. Ne4 Nf5 20. Bc5 h4
21. Nf6+ Bxf6 22. exf6 b6 23. Bb4 Rd8 24. Rxd8+ Kxd8 25. Re1 Kd7 26. Re4 c5 27.
Bd2 Rg8 28. Rg4 Rh8 29. Bc3 Rf8 30. Kd2 Ke8 31. b4 cxb4 32. axb4 b5 33. Re4 Kf7
34. Re5 Rd8+ 35. Kc2 1/2-1/2

[Event "Liga Madrileña - DH 2011-2012"]
[Site "Madrid ESP"]
[Date "2012.02.12"]
[Round "10.13"]
[White "Bass, Leonid"]
[Black "Moreno Ruiz, Javier"]
[Result "1/2-1/2"]
[WhiteElo "2410"]
[BlackElo "2513"]
[PlyCount "84"]
[EventDate "2011.11.13"]
[EventType "team"]
[EventRounds "14"]
[EventCountry "ESP"]
[Source "lmi"]
[SourceDate "2011.11.13"]
[WhiteTeam "La Casa del Ajedrez"]
[BlackTeam "Collado Villalba"]
[WhiteTeamCountry "ESP"]
[BlackTeamCountry "ESP"]

1. d4 Nf6 2. c4 e6 3. Nf3 d5 4. Nc3 Bb4 5. cxd5 exd5 6. Bg5 h6 7. Bxf6 Qxf6 8.
Qb3 c5 9. dxc5 Bxc3+ 10. Qxc3 Qxc3+ 11. bxc3 Na6 12. e3 Nxc5 13. Nd4 Bd7 14. c4
dxc4 15. Bxc4 Ke7 16. Ke2 Rac8 17. Rhc1 Na4 18. Kd2 Rhd8 19. Rab1 b6 20. f3 f5
21. g3 Kf6 22. Bb3 Nc5 23. Bc4 g5 24. Ke2 Re8 25. Kf2 Re5 26. Be2 Rce8 27. Rc3
f4 28. gxf4 gxf4 29. exf4 Rh5 30. Rh1 Rh4 31. Re3 Rg8 32. Bc4 Rg7 33. Ne2 Be6
34. Bxe6 Nxe6 35. Re4 Nc5 36. Rd4 Rc7 37. f5 Rxd4 38. Nxd4 Rd7 39. Ke3 Re7+ 40.
Kd2 Rd7 41. Ke3 Re7+ 42. Kd2 Rd7 1/2-1/2

[Event "Liga Madrileña - DH 2011-2012"]
[Site "Madrid ESP"]
[Date "2012.02.12"]
[Round "10.14"]
[White "Taboas Rodriguez, Daniel"]
[Black "Rojo Huerta, Gabriel"]
[Result "0-1"]
[WhiteElo "2418"]
[BlackElo "2355"]
[PlyCount "100"]
[EventDate "2011.11.13"]
[EventType "team"]
[EventRounds "14"]
[EventCountry "ESP"]
[Source "lmi"]
[SourceDate "2011.11.13"]
[WhiteTeam "Collado Villalba"]
[BlackTeam "La Casa del Ajedrez"]
[WhiteTeamCountry "ESP"]
[BlackTeamCountry "ESP"]

1. d4 Nf6 2. Nf3 g6 3. c4 Bg7 4. Nc3 d5 5. cxd5 Nxd5 6. e4 Nxc3 7. bxc3 c5 8.
Be3 Bg4 9. Rc1 O-O 10. Be2 Qa5 11. Qd2 Nc6 12. d5 Bxf3 13. Bxf3 Rad8 14. O-O e6
15. Qe2 exd5 16. exd5 Ne7 17. Bg5 f6 18. Qxe7 fxg5 19. c4 Qxa2 20. Qxg5 Bd4 21.
Qe7 Qd2 22. Rcd1 Qf4 23. Qxb7 Be5 24. Rfe1 Qxh2+ 25. Kf1 Rde8 26. Re4 Bd4 27.
d6 Qxd6 28. Rxe8 Rxe8 29. Qd5+ Qxd5 30. Bxd5+ Kg7 31. Re1 Rxe1+ 32. Kxe1 a5 33.
Bc6 Kf6 34. Ke2 Ke5 35. f3 Kf4 36. Be8 Kg3 37. Kf1 g5 38. Bb5 h5 39. Be8 h4 40.
Bc6 Bf2 41. Bd7 Be3 42. Ba4 Bd2 43. Bc6 Bc3 44. Bd7 Bb4 45. Bc6 Bd2 46. Ke2
Kxg2 47. Kxd2 Kg3 48. Ke2 h3 49. Kf1 h2 50. f4 gxf4 0-1

[Event "Liga Madrileña - DH 2011-2012"]
[Site "Madrid ESP"]
[Date "2012.02.12"]
[Round "10.15"]
[White "Suarez Uriel, Adrian"]
[Black "Cao Armillas, Jesus"]
[Result "1-0"]
[WhiteElo "2238"]
[BlackElo "2174"]
[PlyCount "61"]
[EventDate "2011.11.13"]
[EventType "team"]
[EventRounds "14"]
[EventCountry "ESP"]
[Source "lmi"]
[SourceDate "2011.11.13"]
[WhiteTeam "La Casa del Ajedrez"]
[BlackTeam "Collado Villalba"]
[WhiteTeamCountry "ESP"]
[BlackTeamCountry "ESP"]

1. e4 c5 2. Ne2 Nf6 3. Nbc3 d6 4. d4 cxd4 5. Nxd4 a6 6. Bc4 e6 7. Bb3 Nbd7 8.
O-O Nc5 9. f4 Be7 10. Qf3 O-O 11. Be3 Qc7 12. g4 b5 13. g5 Nfxe4 14. Nxe4 Bb7
15. Nxe6 Nxe6 16. Rad1 Rae8 17. Bd5 Bxd5 18. Rxd5 Qxc2 19. f5 Nc7 20. Rd2 Qc4
21. f6 Qe6 22. Bd4 Bxf6 23. gxf6 g6 24. Ng5 Qd7 25. Bc5 Re5 26. Ne4 Qe6 27.
Bxd6 Rxe4 28. Bxc7 Re3 29. Qf4 Re4 30. Qh6 Rg4+ 31. Bg3 1-0

[Event "Liga Madrileña - DH 2011-2012"]
[Site "Madrid ESP"]
[Date "2012.02.12"]
[Round "10.16"]
[White "Bote Alvarez-Carrasco, Valentin"]
[Black "Unciti Juan, Javier"]
[Result "0-1"]
[WhiteElo "2160"]
[BlackElo "2143"]
[PlyCount "66"]
[EventDate "2011.11.13"]
[EventType "team"]
[EventRounds "14"]
[EventCountry "ESP"]
[Source "lmi"]
[SourceDate "2011.11.13"]
[WhiteTeam "Collado Villalba"]
[BlackTeam "La Casa del Ajedrez"]
[WhiteTeamCountry "ESP"]
[BlackTeamCountry "ESP"]

1. Nf3 d5 2. d4 c5 3. c4 e6 4. cxd5 exd5 5. g3 Nc6 6. Bg2 Nf6 7. O-O Be7 8. Nc3
cxd4 9. Nxd4 O-O 10. Bg5 h6 11. Be3 Re8 12. Rc1 Bg4 13. Nxc6 bxc6 14. Na4 Qa5
15. b3 Qa6 16. Bf3 Ba3 17. Nc5 Qb5 18. Rc3 Rxe3 19. fxe3 Bxc5 20. a4 Qb6 21.
Qc1 Bxf3 22. Rxc5 Be4 23. Rxc6 Qxb3 24. Qc5 Qb2 25. Qb5 Qd2 26. Qc5 Qxe2 27.
Rf2 Qd1+ 28. Rf1 Qg4 29. Qd4 Qh3 30. Qb2 Rf8 31. a5 Ng4 32. Rc3 Ne5 33. Qe2 Rb8
0-1

[Event "Liga Madrileña - DH 2011-2012"]
[Site "Madrid ESP"]
[Date "2012.02.12"]
[Round "10.21"]
[White "Arribas Lopez, Angel"]
[Black "Vallejo Diaz, Javier"]
[Result "1/2-1/2"]
[WhiteElo "2487"]
[BlackElo "2367"]
[PlyCount "38"]
[EventDate "2011.11.13"]
[EventType "team"]
[EventRounds "14"]
[EventCountry "ESP"]
[Source "lmi"]
[SourceDate "2011.11.13"]
[WhiteTeam "Leganes"]
[BlackTeam "Amigos del Retiro"]
[WhiteTeamCountry "ESP"]
[BlackTeamCountry "ESP"]

1. e4 c5 2. Nc3 e6 3. Nf3 a6 4. d4 cxd4 5. Nxd4 Qc7 6. Be2 Bb4 7. Qd3 Nf6 8.
O-O Nc6 9. Nb3 Be7 10. f4 d5 11. e5 Nd7 12. Be3 g6 13. Bf3 b6 14. Nd4 Bb7 15.
Rad1 Rc8 16. Nxc6 Qxc6 17. Bd4 b5 18. a3 Nb6 19. Kh1 h5 1/2-1/2